00467nam a2200169Ia 4500999001700000003000400017005001700021008004100038040000900079082001500088100002900103245005400132260004600186300000900232650002000241942003600261 c26792d26792OSt20211030115900.0190216s9999||||xx |||||||||||||| ||und|| coclc a910bMAD/P aMadhavankutty, V K96860 0aPathrapravarthanam Enna YathracV K Madhavankutty bMathrubhumi Printing, c1989.aKozhikode: a349p aYathravivaranam cBK2ddch910iMAD/Pk910mMAD/P